English Counties By Picture - Statistics

General Stats
  • This quiz has been taken 26 times
  • The average score is 8 of 16
Answer Stats
Picture Answer % Correct
City Of London
100%
Kent
95%
Cumbria
75%
Dorset
70%
Merseyside
70%
Wiltshire
70%
Cambridgeshire
65%
Cornwall
65%
Tyne And Wear
65%
Northumberland
40%
North Yorkshire
35%
Derbyshire
25%
Norfolk
20%
Nottinghamshire
20%
Lancashire
15%
Warwickshire
15%
No matching quizzes found
Score Distribution
Percent of People with Each Score
Percentile by Number Answered
Your Score History
You have not taken this quiz